000 00872cam a22002773a 4500
001 13881
003 PGUSA
005 20140828083310.0
008 041027s2004||||xxu|||||s|||||000 | eng d
040 _aPGUSA
_beng
042 _adc
050 4 _aPN
100 1 _aClive,
_cMrs
_q(Catherine),
_d1711-1785
245 1 4 _aThe Case of Mrs. Clive
_h[electronic resource] /
_cClive,
260 _bProject Gutenberg,
_c2004
500 _aAugustan Reprint Society, publication number 159
506 _aPublic domain in the USA.
516 _aElectronic text
653 _aActors -- Salaries, etc. -- England -- London
653 _aClive, Mrs. (Catherine) 1711-1785
653 _aTheater -- England -- London -- History
700 1 _aFrushell, Richard C.,
_d1935-
830 0 _aProject Gutenberg
_v13881
856 4 0 _uhttp://www.gutenberg.org/ebooks/13881
942 _cEB
999 _c243136
_d243136